Finančné deriváty a ich použitie na kapitalových trhoch bakalárska práca

Gespeichert in:
Bibliographische Detailangaben
1. Verfasser: Mularčík, Michal
Körperschaft: Národohospodárska fakulta EU. Katedra bankovníctva a medzinárodných financií
Weitere Verfasser: Vovková, Katarína, 1977-
Format: Buch
Sprache:Slowakisch
Veröffentlicht: Bratislava 2011
Tags: Tag hinzufügen
Keine Tags, Fügen Sie das erste Tag hinzu!

MARC

LEADER 00000nbm a2200000 4500
001 0139643
005 20161109111635.9
041 0 |a slo 
044 |a SK 
245 1 0 |a Finančné deriváty a ich použitie na kapitalových trhoch  |b bakalárska práca  |c Michal Mularčík ; školiteľ: Katarína Vovková 
264 1 |a Bratislava  |c 2011 
300 |a 59 s. 
100 1 |a Mularčík, Michal 
700 1 |a Vovková, Katarína, 1977- 
710 2 |a Národohospodárska fakulta EU. Katedra bankovníctva a medzinárodných financií